000 00365 a2200169 4500
001 186233
020 _a85-04-00625-5
040 _cMagnum
100 _aAndrade, Joaquim de Sousa
240 1 0 _aLiberdade
_lpor
245 1 0 _aLiberdade
300 _a62
362 0 _a2004
440 1 _aCompanhia Editora Nacional
697 _aLITERATURA JUVENIL
942 _cBK
999 _c186233
_d186233